Prelievanie poznatkov a ekonomický rast
Význam podpory vstupu nových technológií, najmä pomocou priamych zahraničných investícií. Úlohou štátu je vytvorenie vhodnej inštitucionálnej infraštruktúry, ktorá by umožnila prijatie, šírenie a produktívne využívanie inovatívnych technológií. Transformujúce sa ekonomiky potrebujú tak zrýchliť dlho...
Guardado en:
| Autor principal: | |
|---|---|
| Formato: | Capítulo de libro |
| Lenguaje: | eslovaco |
| Materias: | |
| Etiquetas: |
Sin Etiquetas, Sea el primero en etiquetar este registro!
|
MARC
| LEADER | 00000nla a2200000 4500 | ||
|---|---|---|---|
| 001 | 0197281 | ||
| 005 | 20240502073332.5 | ||
| 041 | 0 | |a slo | |
| 044 | |a SK | ||
| 245 | 1 | 0 | |a Prelievanie poznatkov a ekonomický rast |c Pavol Skalák |
| 520 | |a Význam podpory vstupu nových technológií, najmä pomocou priamych zahraničných investícií. Úlohou štátu je vytvorenie vhodnej inštitucionálnej infraštruktúry, ktorá by umožnila prijatie, šírenie a produktívne využívanie inovatívnych technológií. Transformujúce sa ekonomiky potrebujú tak zrýchliť dlhodobý ekonomický rast a dobiehanie rozvinutých krajín. | ||
| 610 | 2 | 0 | |a globalizácia |
| 610 | 2 | 0 | |a rast hospodársky |
| 610 | 2 | 0 | |a pokrok technický |
| 610 | 2 | 0 | |a inovácia |
| 610 | 2 | 0 | |a veda |
| 610 | 2 | 0 | |a výskum |
| 610 | 2 | 0 | |a výdavky |
| 100 | 1 | |a Skalák, Pavol | |